000 00487nam a2200169 a 4500
001 7517
005 20180713191419.0
008 140415s1992 000 0 spa d
041 _aspa
082 _a152.8
_bSIL
100 1 _aSLIVA RODRIGUEZ, ARTURO
245 1 0 _aMETODOS CUANTITATIVOS EN PSICOLOGIA :
_bUN ENFOQUE METODOLOGICO
260 _a[s.l.] :
_bTRILLAS,
_c1992
300 _a976
650 1 4 _aPSICOLOGIA
_xMETODOLOGIA
700 1 _aRIBES IÑESTA, EMILIO
_epról.
999 _c7517
_d7517